Fiscal decentralisation in emerging economies governance issues

Salvato in:
Dettagli Bibliografici
Altri autori: Fukusaku, Kiichiro, De Mello, Luiz R.
Natura: Libro
Lingua:inglese
Pubblicazione: Paris OECD 1999
Serie:Development Centre Seminars
Soggetti:
Tags: Aggiungi Tag
Nessun Tag, puoi essere il primo ad aggiungerne!!

MARC

LEADER 00000nam a2200000 4500
001 c121480
005 20221221084313.4
020 |a 92-64-17046-4 
041 0 |a eng 
044 |a FR 
245 1 0 |a Fiscal decentralisation in emerging economies  |b governance issues  |c Edited by Kiichiro Fukusaku and Luiz R. De Mello Jr. 
264 1 |a Paris  |b OECD  |c 1999 
300 |a 245 s. 
490 1 |a Development Centre Seminars 
830 0 |a Development Centre Seminars 
610 2 0 |a štát 
610 2 0 |a politika hospodárska 
610 2 0 |a politika fiškálna 
610 2 0 |a decentralizácia 
610 2 0 |a makroekonomika 
610 2 0 |a stabilita hospodárstva 
610 2 0 |a manažment 
610 2 0 |a financovanie 
610 2 0 |a politika finančná 
610 2 0 |a financie verejné 
610 2 0 |a krajiny rozvojové 
610 2 0 |a štúdie prípadové 
610 2 0 |a správa miestna 
610 2 0 |a obdobie prechodné 
610 2 0 |a reformy 
610 2 0 |a trh 
610 2 0 |a Latinská Amerika 
610 2 0 |a Argentína 
610 2 0 |a Brazília 
610 2 0 |a Mexiko 
610 2 0 |a Ázia 
610 2 0 |a Čína 
610 2 0 |a OECD 
700 1 |a Fukusaku, Kiichiro 
700 1 |a De Mello, Luiz R.